00611nam a2200157 a 450000100100000000500170001000800410002704000250006808200150009310000200010824501690012826000340029730000260033150400730035770000230043000003443920200930073711.0111004s1974 mx 000 0 spa d aDO-SdBNPbspacBNPHU axxxxbxxxx1 aPané, Ramón10aRelación acerca de las antigüedades de los Indios :bel primer tratado escrito en América /cFray Ramón Pané ; notas, mapa y apéndice José Juan Arrom. aMéxico :bSiglo xxi,c1974. avii, 125 p. ;c19 cm. aIncluye referencias bibliográficas y notas al pie de las páginas1 aArrom, José Juan